LEADER 01002nam a2200241 i 4500 001 000000172539 003 CaOOAMICUS 005 20181009125328.0 008 080616s1953 it u000 u ita u 013 $a149981 040 $aSeMil$bita 100 1 $aMagnino, Leo.$0(OLS)http://semarc/name/8860 245 10$aStoria della letteratura giapponese /$cLeo Magnino. 260 $aMilano :$bNuova accademia editrice,$cstampa 1953. 300 $a314 p. ;$c22 cm. 490 0 $aStoria delle letterature di tutto il mondo 650 4$aLetteratura giapponese.$0(OLS)http://semarc/subject/16265 830 0$aStoria delle letterature di tutto il mondo.$0(OLS)http://semarc/title/20310 850 $aSeMil 852 $aSeMil$W1$xVenegono$y1$m1R IV 40$j257815$B123401$CSeMilBibl$Z2$F134551 $81 996 $6245$aStoria della letteratura giapponese$9(OLS)http://semarc/title/247111 996 $6260$aMilano :$bNuova accademia editrice$9(OLS)http://semarc/publisher/31675 LEADER 01290nam a2200229 4500 001 000000337626 003 CaOOAMICUS 005 20240924114744.0 008 191030s1786 it 000 u ita r 026 $acee, i,si e.na didu (3) 1786 (A) 040 $aSeMil$bita 245 00$aT. 1. 264 1$aIn Pavia :$bPer Pietro Galeazzi,$c1786-1787. 300 $a[20], 440 p. ;$c8° 500 $aSegn.: *¹? A-2D? 2E? 700 11$aGuadagnini, Giovanni Battista,$d<1723-1807>.$0(OLS)http://semarc/name/72905 773 0 $aGuadagnini, Giovanni Battista <1723-1807>$tEsame delle riflessioni teologiche e critiche sopra molte Censure fatte al Catechismo composto per ordine di Clemente 8. ed approvato dalla Congregazione della Riforma, ove specialmente si tratta de' bambini morti senza battesimo, e si danno alcune regole per ben comporre un nuovo Catechismo ... di Giambattista Guadagnini, Arciprete di Cividate di Valcamonica. T. 1. [-2.].$dIn Pavia : Per Pietro Galeazzi, 1786-1787.$w()337625 850 $aSeMil 852 $aSeMil$W1$xVenegono$y1$m3X IV 118 FA$j217131$B229199$CSeMilBibl$Z2$F229199 $8I 996 $6245$aT. 1$9(OLS)http://semarc/title/296473 996 $6264$aIn Pavia :$bPer Pietro Galeazzi$9(OLS)http://semarc/publisher/42800 LEADER 01023nam a2200241 i 4500 001 000000111766 003 CaOOAMICUS 005 20030129000000.0 008 030129s1982 it u000 u ita u 013 $a84448 040 $aSeMil$bita 100 1 $aLentini, Gerlando.$0(OLS)http://semarc/name/26474 245 10$aVivere con gioia :$bdon Lorenzo Milani /$cGerlando Lentini. 260 $aRoma :$bRogate,$cstampa 1982. 300 $a188 p. ;$c18 cm. 500 $aContiene : Profilo biografico ; Opere di don Lorenzo Milani ; Saggi sulla vita e le opere di don Lorenzo Milani. - Fondo Card.C.M. Martini. 600 14$aMilani, Lorenzo .$0(OLS)http://semarc/subject/9740 850 $aSeMil 852 $aSeMil$W1$xVenegono$y1$m3J I 128$j67577$B67577$CSeMilBibl$Z2$F100977 $81 941 1 $a4 961 $aOmaggio: Martini Card. Carlo Maria 996 $6245$aVivere con gioia :$bdon Lorenzo Milani$9(OLS)http://semarc/title/162776 996 $6260$aRoma :$bRogate$9(OLS)http://semarc/publisher/31830